000 00609nam a2200181Ia 4500
008 100920s9999 xx 000 0 und d
082 _b79307
_a891.43 थ 99
100 _aपाठक शोभनाथ.
245 _aगोंड जनजाती.
260 _bसूचना और प्रसारण मन्त्रालय, भारत सरकार.
_c1999
300 _a121
_bसाधी
365 _b40
520 _aहिंदी.
630 _aगोंड जनजाती.
650 _aहिंदी.
730 _aगोंड जनजाती.
942 _cBOOK
999 _c720377
_d720374